LEADER 04602nam 22006374a 450 001 9910799952903321 005 20230617030238.0 010 $a1-138-00866-4 010 $a1-280-19536-3 010 $a0-203-21777-2 035 $a(CKB)111087026854962 035 $a(StDuBDS)AH3704663 035 $a(SSID)ssj0000302642 035 $a(PQKBManifestationID)11236442 035 $a(PQKBTitleCode)TC0000302642 035 $a(PQKBWorkID)10267010 035 $a(PQKB)11679622 035 $a(MiAaPQ)EBC171395 035 $a(Au-PeEL)EBL171395 035 $a(CaPaEBR)ebr10099649 035 $a(CaONFJC)MIL19536 035 $a(OCoLC)475879019 035 $a(EXLCZ)99111087026854962 100 $a20020601d2003 uy 0 101 0 $aeng 135 $aur||||||||||| 181 $ctxt 182 $cc 183 $acr 200 10$aMarxist history and postwar Japanese nationalism$b[electronic resource] /$fCurtis Anderson Gayle 210 $aLondon ;$aNew York $cRoutledgeCurzon$d2003 215 $a1 online resource (viii, 200 p.) 300 $aBibliographic Level Mode of Issuance: Monograph 311 $a0-415-29739-7 311 $a0-203-29448-3 320 $aIncludes bibliographical references (p. [185]-193) and index. 327 $aAcknowledgments 1. National imagery and international Marxism 2. Marxist History and the ethnic nation during the 1930's 3. Rebuilding Marxist history and rethinking the nation: 1945-1950 4. Marxist's history search for new ground: 1948-1950 5. Marxist history and the 'Minzoku Faction': Toma Seita, Matsumoto Shinpachiro and Ishimoda Sho 6. Minzoku ishiki and modernisation: Eguchi Bokuro, Suzuki Shiro, Inoue Kiyoshi and Toyama Shigeki 7. Desire, mobilisation and internationalism 8. National awakening and postwar nationalism Index 330 $aExploring the historical writings of postwar Japanese Marxists, this book shows how they developed ideas of radical nationalism, creating a sphere of radical political action against the state, the American occupation and global capital. 330 $bThis book explores the historical writings of postwar Japanese Marxists - who were, and who continue to be, surprisingly numerous in the Japanese academic world. It shows how they developed in their historical writing ideas of 'radical nationalism', which accepted presupposed ideas of Japan's 'ethnic homogeneity', but which they saw as a 'revolutionary subject', creating a sphere of radical political action against the state, the American Occupation and global capital. It compares this approach in both prewar and postwar Marxist historiography, showing that in the postwar period ideas were more elaborate, and put much more emphasis on national education and social mobilization. It also shows how these early postwar discourses have made their way into contemporary ethnic nationalism and revisionism in Japan today. The book's rich and interesting analysis will appeal not just to historians of Japan, but also to those interested in nationalism and Marxism more generally. This book explores the historical writings of postwar Japanese Marxists - who were, and who continue to be, surprisingly numerous in the Japanese academic world. It shows how they developed in their historical writing ideas of 'radical nationalism', which accepted presupposed ideas of Japan's 'ethnic homogeneity', but which they saw as a 'revolutionary subject', creating a sphere of radical political action against the state, the American Occupation and global capital. It compares this approach in both prewar and postwar Marxist historiography, showing that in the postwar period ideas were more elaborate, and put much more emphasis on national education and social mobilization. It also shows how these early postwar discourses have made their way into contemporary ethnic nationalism and revisionism in Japan today. The book's rich and interesting analysis will appeal not just to historians of Japan, but also to those interested in nationalism and Marxism more generally. 606 $aMarxian historiography$zJapan 606 $aHistorians$zJapan 606 $aNationalism$zJapan 607 $aJapan$xHistoriography 615 0$aMarxian historiography 615 0$aHistorians 615 0$aNationalism 676 $a952/.007/2 686 $a89.22$2bcl 700 $aGayle$b Curtis Anderson$f1963-$01586866 801 0$bMiAaPQ 801 1$bMiAaPQ 801 2$bMiAaPQ 906 $aBOOK 912 $a9910799952903321 996 $aMarxist history and postwar Japanese nationalism$93873977 997 $aUNINA LEADER 01439nas 2200361 n 450 001 990008971540403321 005 20240229084307.0 011 $a0360-9049 035 $a000897154 035 $aFED01000897154 035 $a(Aleph)000897154FED01 035 $a000897154 091 $2CNR$aP 00070973 100 $a20161109a19249999km-y0itaa50------ba 101 0 $aeng 102 $aUS 110 $aauu-------- 200 1 $aHebrew Union College Annual 207 1$a1924- 210 $aCincinnati$cHebrew Union College 530 0 $aHebrew Union College Annual 676 $a296.05 712 02$aHebrew Union College 801 0$aIT$bACNP$c20090723 859 4 $uhttp://acnp.cib.unibo.it/cgi-ser/start/it/cnr/dc-p1.tcl?catno=45488&person=false&language=ITALIANO&libr=&libr_th=unina1$zBiblioteche che possiedono il periodico 901 $aSE 912 $a990008971540403321 958 $aBRAU. Biblioteca di Ricerca di Area Umanistica$b1982-1983;1985;1988-1990;1992;1995-$eAmerica 32$fFLFBC 959 $aFLFBC 996 $aHebrew Union College Annual$9795991 997 $aUNINA AP1 8 $6866-01$aNA072 BRAU. Biblioteca di Ricerca di Area Umanistica$bAmerica 32$ePiazza Bellini 56/60, 80133 Napoli (NA)$m(081) 2533948$nit AP2 40$aacnp.cib.unibo.it$nACNP Italian Union Catalogue of Serials$uhttp://acnp.cib.unibo.it/cgi-ser/start/it/cnr/df-p.tcl?catno=45488&language=ITALIANO&libr=&person=&B=1&libr_th=unina&proposto=NO